Deepwoken Bosses - Statistics

General Stats
  • This quiz has been taken 97 times
  • The average score is 6 of 10
Answer Stats
Answer % Correct
Duke Ishamon Erisia
93%
Chaser, Scholar of the Crimson Contract
91%
The Ferryman
89%
Primadon, Titan of the East
76%
Dread Serpent
65%
Scion of Ethiron
58%
Maestro Evengarde Rest
50%
Interluminary Parasol
18%
The Doom of Caeranthil
18%
Heart of Enmity
16%
No matching quizzes found
Score Distribution
Percent of People with Each Score
Percentile by Number Answered
Your Score History
You have not taken this quiz